[Event "Campeonato España Sub 12"]
[Site "Salobreña"]
[Date "2017.07.14"]
[Round "8"]
[White "Villalba Embid, Marcos"]
[Black "Travesset Sagre, Jan"]
[Result "1/2-1/2"]
[Board "4"]
[WhiteClock "1:30"]
[WhiteElo "1868"]
[WhiteCountry "ESP"]
[WhiteFideId "24505277"]
[WhiteEloChange "-2"]
[BlackClock "1:30"]
[BlackElo "1792"]
[BlackCountry "ESP"]
[BlackFideId "24538701"]
[BlackEloChange "2"]

1. e4 {[%clk 1:30:00]} g6 {[%clk 1:30:00]} 2. d4 {[%clk 1:31:00]} c6 {[%clk
1:31:00]} 3. Nc3 {[%clk 1:31:00]} d5 {[%clk 1:31:00]} 4. Nf3 {[%clk 1:31:00]} Bg7
{[%clk 1:31:00]} 5. h3 {[%clk 1:32:00]} dxe4 {[%clk 1:31:00]} 6. Nxe4 {[%clk
1:32:00]} Nd7 {[%clk 1:31:00]} 7. Bc4 {[%clk 1:32:00]} Ngf6 {[%clk 1:31:00]} 8.
Nxf6+ {[%clk 1:32:00]} Nxf6 {[%clk 1:31:00]} 9. O-O {[%clk 1:32:00]} O-O {[%clk
1:31:00]} 10. Bf4 {[%clk 1:32:00]} Bf5 {[%clk 1:30:00]} 11. c3 {[%clk 1:31:00]}
Be4 {[%clk 1:28:00]} 12. Re1 {[%clk 1:31:00]} Bd5 {[%clk 1:28:00]} 13. Bd3 {[%clk
1:31:00]} Re8 {[%clk 1:24:00]} 14. Ne5 {[%clk 1:30:00]} Be6 {[%clk 1:08:00]} 15.
Qe2 {[%clk 1:28:00]} Nd7 {[%clk 0:52:00]} 16. Bc4 {[%clk 1:26:00]} Bxc4 {[%clk
0:48:00]} 17. Qxc4 {[%clk 1:26:00]} Nxe5 {[%clk 0:39:00]} 18. Bxe5 {[%clk
1:24:00]} Bxe5 {[%clk 0:33:00]} 19. dxe5 {[%clk 1:24:00]} Qd5 {[%clk 0:24:00]}
20. Qe2 {[%clk 1:19:00]} Qe6 {[%clk 0:23:00]} 21. f4 {[%clk 1:13:00]} c5 {[%clk
0:13:43]} 22. b3 {[%clk 1:12:00]} Red8 {[%clk 0:09:04]} 23. Rad1 {[%clk 1:09:00]}
c4 {[%clk 0:05:25]} 24. b4 {[%clk 1:07:00]} b5 {[%clk 0:04:22]} 25. Rd2 {[%clk
1:06:00]} Qb6+ {[%clk 0:04:32]} 26. Kh1 {[%clk 1:05:00]} Rxd2 {[%clk 0:04:57]}
27. Qxd2 {[%clk 1:06:00]} Rd8 {[%clk 0:05:25]} 28. Qc1 {[%clk 0:56:00]} Qf2
{[%clk 0:02:44]} 29. Rf1 {[%clk 0:54:00]} Qd2 {[%clk 0:02:52]} 30. a4 {[%clk
0:49:00]} a6 {[%clk 0:02:52]} 1/2-1/2

[Event "Campeonato España Sub 12"]
[Site "Salobreña"]
[Date "2017.07.14"]
[Round "8"]
[White "Lopez Varela, Pablo"]
[Black "Reguillaga Elias, Manex"]
[Result "1-0"]
[Board "5"]
[WhiteClock "1:30"]
[WhiteElo "1724"]
[WhiteCountry "ESP"]
[WhiteFideId "32092105"]
[WhiteEloChange "13"]
[BlackClock "1:30"]
[BlackElo "1817"]
[BlackCountry "ESP"]
[BlackFideId "24516341"]
[BlackEloChange "-13"]

1. e4 {[%clk 1:30:00]} e6 {[%clk 1:30:00]} 2. d3 {[%clk 1:31:00]} d5 {[%clk
1:30:00]} 3. Nd2 {[%clk 1:31:00]} Nf6 {[%clk 1:31:00]} 4. g3 {[%clk 1:32:00]}
dxe4 {[%clk 1:31:00]} 5. dxe4 {[%clk 1:32:00]} Bc5 {[%clk 1:31:00]} 6. c3 {[%clk
1:24:00]} a5 {[%clk 1:31:00]} 7. Bg2 {[%clk 1:24:00]} Nc6 {[%clk 1:30:00]} 8.
Ngf3 {[%clk 1:23:00]} e5 {[%clk 1:29:00]} 9. O-O {[%clk 1:21:00]} O-O {[%clk
1:29:00]} 10. Qc2 {[%clk 1:19:00]} b6 {[%clk 1:28:00]} 11. Nb3 {[%clk 1:17:00]}
Bd6 {[%clk 1:27:00]} 12. Rd1 {[%clk 1:17:00]} Qe7 {[%clk 1:27:00]} 13. Nbd2
{[%clk 1:14:00]} Ba6 {[%clk 1:26:00]} 14. Bf1 {[%clk 1:14:00]} Bxf1 {[%clk
1:23:00]} 15. Nxf1 {[%clk 1:15:00]} Rad8 {[%clk 1:22:00]} 16. Ne3 {[%clk
1:11:00]} Bc5 {[%clk 1:19:00]} 17. Nd5 {[%clk 1:07:00]} Nxd5 {[%clk 1:14:00]} 18.
exd5 {[%clk 1:01:00]} Nb8 {[%clk 1:14:00]} 19. Ng5 {[%clk 1:01:00]} g6 {[%clk
1:14:00]} 20. Ne4 {[%clk 1:01:00]} Rd7 {[%clk 1:11:00]} 21. Bh6 {[%clk 1:00:00]}
f5 {[%clk 1:06:00]} 22. Nxc5 {[%clk 0:58:00]} Qxc5 {[%clk 1:05:00]} 23. Bxf8
{[%clk 0:58:00]} Kxf8 {[%clk 1:06:00]} 24. Qe2 {[%clk 0:57:00]} Re7 {[%clk
1:04:00]} 25. Qe3 {[%clk 0:55:00]} Qd6 {[%clk 1:02:00]} 26. Rd2 {[%clk 0:54:00]}
Nd7 {[%clk 1:00:00]} 27. Re1 {[%clk 0:53:00]} e4 {[%clk 0:59:00]} 28. f3 {[%clk
0:46:00]} Kg8 {[%clk 0:51:00]} 29. fxe4 {[%clk 0:39:00]} Rxe4 {[%clk 0:52:00]}
30. Qf2 {[%clk 0:37:00]} Nf6 {[%clk 0:52:00]} 31. Rd4 {[%clk 0:35:00]} Ng4 {[%clk
0:46:00]} 32. Qd2 {[%clk 0:32:00]} Ne5 {[%clk 0:46:00]} 33. Kg2 {[%clk 0:28:00]}
Nc4 {[%clk 0:37:00]} 34. Qf2 {[%clk 0:26:00]} c5 {[%clk 0:17:44]} 35. Rexe4
{[%clk 0:16:25]} cxd4 {[%clk 0:09:45]} 36. Rxd4 {[%clk 0:16:33]} b5 {[%clk
0:09:13]} 37. Qe2 {[%clk 0:15:37]} Kf7 {[%clk 0:03:58]} 38. b3 {[%clk 0:15:00]}
Na3 {[%clk 0:03:21]} 39. Qd3 {[%clk 0:12:45]} Qd7 {[%clk 0:01:30]} 40. Rh4 {[%clk
0:12:47]} h5 {[%clk 0:01:19]} 41. Rd4 {[%clk 0:12:59]} Qd6 {[%clk 0:01:37]} 42.
c4 {[%clk 0:12:47]} bxc4 {[%clk 0:01:07]} 43. bxc4 {[%clk 0:13:01]} Qe5 {[%clk
0:00:40]} 44. Rf4 {[%clk 0:12:40]} Qb2+ {[%clk 0:01:02]} 45. Rf2 {[%clk 0:13:01]}
Qb4 {[%clk 0:01:01]} 46. d6 {[%clk 0:11:37]} Qb7+ {[%clk 0:00:36]} 47. Kh3 {[%clk
0:10:12]} Nxc4 {[%clk 0:00:10]} 48. Qxc4+ {[%clk 0:10:36]} Kg7 {[%clk 0:00:57]}
49. Qd4+ {[%clk 0:10:51]} Kh7 {[%clk 0:00:34]} 50. d7 {[%clk 0:11:08]} g5 {[%clk
0:00:36]} 51. d8Q {[%clk 0:11:08]} 1-0

[Event "Campeonato España Sub 12"]
[Site "Salobreña"]
[Date "2017.07.14"]
[Round "8"]
[White "Luque Saiz, Andres"]
[Black "Badillo Ramos, Steve"]
[Result "0-1"]
[Board "6"]
[WhiteClock "1:30"]
[WhiteElo "1821"]
[WhiteCountry "ESP"]
[WhiteFideId "24510793"]
[WhiteEloChange "-11"]
[BlackClock "1:30"]
[BlackElo "1802"]
[BlackCountry "ESP"]
[BlackFideId "24526150"]
[BlackEloChange "11"]

1. d4 {[%clk 1:30:00]} f5 {[%clk 1:30:00]} 2. Nf3 {[%clk 1:30:00]} d5 {[%clk
1:30:00]} 3. c4 {[%clk 1:27:00]} e6 {[%clk 1:29:00]} 4. Nc3 {[%clk 1:26:00]} Nf6
{[%clk 1:28:00]} 5. Bg5 {[%clk 1:25:00]} c6 {[%clk 1:27:00]} 6. e3 {[%clk
1:23:00]} Bd6 {[%clk 1:27:00]} 7. cxd5 {[%clk 1:23:00]} exd5 {[%clk 1:23:00]} 8.
Bd3 {[%clk 1:23:00]} O-O {[%clk 1:23:00]} 9. O-O {[%clk 1:23:00]} h6 {[%clk
1:22:00]} 10. Bxf6 {[%clk 1:22:00]} Qxf6 {[%clk 1:21:00]} 11. a3 {[%clk 1:21:00]}
g5 {[%clk 1:18:00]} 12. b4 {[%clk 1:11:00]} f4 {[%clk 1:10:00]} 13. e4 {[%clk
1:09:00]} g4 {[%clk 1:05:00]} 14. e5 {[%clk 1:09:00]} Qg7 {[%clk 1:04:00]} 15.
Nh4 {[%clk 1:05:00]} Be7 {[%clk 0:58:00]} 16. Ng6 {[%clk 1:05:00]} Rf7 {[%clk
0:59:00]} 17. Nxe7+ {[%clk 1:05:00]} Rxe7 {[%clk 0:59:00]} 18. Qc2 {[%clk
0:55:00]} Nd7 {[%clk 0:58:00]} 19. b5 {[%clk 0:54:00]} Nf8 {[%clk 0:44:00]} 20.
bxc6 {[%clk 0:50:00]} bxc6 {[%clk 0:44:00]} 21. Na4 {[%clk 0:49:00]} Ne6 {[%clk
0:30:00]} 22. Qxc6 {[%clk 0:46:00]} Rb8 {[%clk 0:29:00]} 23. Rab1 {[%clk
0:38:00]} Bb7 {[%clk 0:25:00]} 24. Qc3 {[%clk 0:37:00]} Rc8 {[%clk 0:25:00]} 25.
Qb2 {[%clk 0:37:00]} f3 {[%clk 0:24:00]} 26. g3 {[%clk 0:36:00]} Bc6 {[%clk
0:20:00]} 27. Rbc1 {[%clk 0:30:00]} Rcc7 {[%clk 0:20:00]} 28. Nc5 {[%clk
0:30:00]} Ng5 {[%clk 0:16:55]} 29. Bf5 {[%clk 0:23:00]} h5 {[%clk 0:15:30]} 30.
a4 {[%clk 0:19:31]} Qh6 {[%clk 0:12:26]} 31. Qb8+ {[%clk 0:17:16]} Kg7 {[%clk
0:12:09]} 32. Rc2 {[%clk 0:14:27]} Bxa4 {[%clk 0:11:27]} 33. Nxa4 {[%clk
0:14:50]} Rxc2 {[%clk 0:11:39]} 34. Bxc2 {[%clk 0:15:16]} Nh3+ {[%clk 0:11:49]}
35. Kh1 {[%clk 0:15:25]} Nxf2+ {[%clk 0:12:09]} 36. Kg1 {[%clk 0:15:27]} Nh3+
{[%clk 0:12:00]} 37. Kh1 {[%clk 0:15:41]} Qd2 {[%clk 0:12:00]} 0-1

[Event "Campeonato España Sub 12"]
[Site "Salobreña"]
[Date "2017.07.14"]
[Round "8"]
[White "Fernandez Estremera, Fernando"]
[Black "Valenzuela Fernandez, Alejandro"]
[Result "1/2-1/2"]
[Board "7"]
[WhiteClock "1:30"]
[WhiteElo "1809"]
[WhiteCountry "ESP"]
[WhiteFideId "24520152"]
[WhiteEloChange "-6"]
[BlackClock "1:30"]
[BlackElo "1568"]
[BlackCountry "ESP"]
[BlackFideId "24538418"]
[BlackEloChange "6"]

1. d4 {[%clk 1:30:00]} Nf6 {[%clk 1:30:00]} 2. c4 {[%clk 1:31:00]} c5 {[%clk
1:31:00]} 3. d5 {[%clk 1:31:00]} b5 {[%clk 1:31:00]} 4. cxb5 {[%clk 1:32:00]} a6
{[%clk 1:31:00]} 5. bxa6 {[%clk 1:32:00]} Bxa6 {[%clk 1:32:00]} 6. Nc3 {[%clk
1:32:00]} g6 {[%clk 1:31:00]} 7. e4 {[%clk 1:33:00]} Bxf1 {[%clk 1:32:00]} 8.
Kxf1 {[%clk 1:33:00]} d6 {[%clk 1:32:00]} 9. g3 {[%clk 1:33:00]} Bg7 {[%clk
1:32:00]} 10. h3 {[%clk 1:33:00]} O-O {[%clk 1:32:00]} 11. Kg2 {[%clk 1:34:00]}
Nbd7 {[%clk 1:32:00]} 12. Nf3 {[%clk 1:34:00]} Qa5 {[%clk 1:32:00]} 13. Re1
{[%clk 1:31:00]} Rfb8 {[%clk 1:31:00]} 14. Re2 {[%clk 1:28:00]} Ne8 {[%clk
1:31:00]} 15. Qc2 {[%clk 1:28:00]} Nc7 {[%clk 1:30:00]} 16. Bd2 {[%clk 1:23:00]}
Nb5 {[%clk 1:26:00]} 17. Nxb5 {[%clk 1:20:00]} Qxb5 {[%clk 1:26:00]} 18. Bc3
{[%clk 1:20:00]} Bxc3 {[%clk 1:27:00]} 19. bxc3 {[%clk 1:21:00]} Ra3 {[%clk
1:27:00]} 20. c4 {[%clk 1:01:00]} Qb4 {[%clk 1:25:00]} 21. Re3 {[%clk 0:58:00]}
Rxe3 {[%clk 1:24:00]} 22. fxe3 {[%clk 0:57:00]} Qa3 {[%clk 1:24:00]} 23. Rb1
{[%clk 0:45:00]} Rxb1 {[%clk 1:24:00]} 24. Qxb1 {[%clk 0:45:00]} Qxe3 {[%clk
1:25:00]} 25. Qc2 {[%clk 0:43:00]} Nf6 {[%clk 1:23:00]} 26. a4 {[%clk 0:30:00]}
Nd7 {[%clk 1:20:00]} 27. h4 {[%clk 0:12:38]} Qa3 {[%clk 1:20:00]} 28. g4 {[%clk
0:09:38]} Nb6 {[%clk 1:18:00]} 29. h5 {[%clk 0:06:24]} Qxa4 {[%clk 1:17:00]} 30.
Qb2 {[%clk 0:05:58]} Qb4 {[%clk 1:16:00]} 31. Qa1 {[%clk 0:04:41]} Na4 {[%clk
1:16:00]} 32. Kg3 {[%clk 0:03:37]} Qxc4 {[%clk 1:14:00]} 33. h6 {[%clk 0:02:37]}
f6 {[%clk 1:14:00]} 34. g5 {[%clk 0:02:26]} Kf7 {[%clk 1:13:00]} 35. gxf6 {[%clk
0:01:59]} exf6 {[%clk 1:13:00]} 36. Ng5+ {[%clk 0:01:58]} Ke7 {[%clk 1:12:00]}
37. Nxh7 {[%clk 0:01:51]} Qc3+ {[%clk 1:06:00]} 38. Qxc3 {[%clk 0:02:11]} Nxc3
{[%clk 1:07:00]} 39. Ng5 {[%clk 0:02:09]} Kf8 {[%clk 1:06:00]} 40. h7 {[%clk
0:02:18]} Kg7 {[%clk 1:06:00]} 1/2-1/2

[Event "Campeonato España Sub 12"]
[Site "Salobreña"]
[Date "2017.07.14"]
[Round "8"]
[White "Moll Gener, Joan"]
[Black "Tadevosyan, Aspet"]
[Result "0-1"]
[Board "8"]
[WhiteClock "1:30"]
[WhiteElo "1593"]
[WhiteCountry "ESP"]
[WhiteFideId "24505960"]
[WhiteEloChange "-5"]
[BlackClock "1:30"]
[BlackElo "1786"]
[BlackCountry "ESP"]
[BlackFideId "24526134"]
[BlackEloChange "5"]

1. e4 {[%clk 1:30:00]} e6 {[%clk 1:30:00]} 2. d4 {[%clk 1:31:00]} d5 {[%clk
1:31:00]} 3. Bd3 {[%clk 1:31:00]} dxe4 {[%clk 1:29:00]} 4. Bxe4 {[%clk 1:31:00]}
Nf6 {[%clk 1:29:00]} 5. Bf3 {[%clk 1:31:00]} c5 {[%clk 1:28:00]} 6. Ne2 {[%clk
1:31:00]} Be7 {[%clk 1:26:00]} 7. Be3 {[%clk 1:30:00]} cxd4 {[%clk 1:24:00]} 8.
Nxd4 {[%clk 1:29:00]} O-O {[%clk 1:24:00]} 9. O-O {[%clk 1:27:00]} a6 {[%clk
1:24:00]} 10. Nc3 {[%clk 1:25:00]} Qc7 {[%clk 1:24:00]} 11. Qe2 {[%clk 1:21:00]}
Bd7 {[%clk 1:20:00]} 12. Rfd1 {[%clk 1:15:00]} Nc6 {[%clk 1:19:00]} 13. Nb3
{[%clk 1:10:00]} Ne5 {[%clk 1:17:00]} 14. Rd2 {[%clk 1:03:00]} Nc4 {[%clk
1:03:00]} 15. Rd4 {[%clk 0:56:00]} Nxb2 {[%clk 1:03:00]} 16. Ne4 {[%clk 0:54:00]}
Nxe4 {[%clk 1:03:00]} 17. Bxe4 {[%clk 0:54:00]} e5 {[%clk 0:54:00]} 18. Qh5
{[%clk 0:45:00]} g6 {[%clk 0:42:00]} 19. Qh6 {[%clk 0:45:00]} Bc6 {[%clk
0:34:00]} 20. Bxc6 {[%clk 0:37:00]} Qxc6 {[%clk 0:32:00]} 21. Rd2 {[%clk
0:28:00]} Nc4 {[%clk 0:32:00]} 22. Re2 {[%clk 0:28:00]} Rfd8 {[%clk 0:29:00]} 23.
Bg5 {[%clk 0:23:00]} f6 {[%clk 0:25:00]} 24. Be3 {[%clk 0:23:00]} Rd7 {[%clk
0:21:00]} 25. Rc1 {[%clk 0:22:00]} Rad8 {[%clk 0:21:00]} 26. Ree1 {[%clk
0:22:00]} a5 {[%clk 0:19:09]} 27. Qh3 {[%clk 0:21:00]} a4 {[%clk 0:19:08]} 28.
Na1 {[%clk 0:21:00]} Ba3 {[%clk 0:17:24]} 29. Rb1 {[%clk 0:21:00]} Bb2 {[%clk
0:17:27]} 30. Qf3 {[%clk 0:21:00]} Qxf3 {[%clk 0:16:58]} 31. gxf3 {[%clk
0:21:00]} Bc3 {[%clk 0:16:53]} 32. Rf1 {[%clk 0:21:00]} Bd2 {[%clk 0:16:04]} 33.
Bb6 {[%clk 0:19:45]} Rc8 {[%clk 0:14:48]} 34. Kg2 {[%clk 0:19:36]} Rc6 {[%clk
0:14:48]} 0-1

[Event "Campeonato España Sub 12"]
[Site "Salobreña"]
[Date "2017.07.14"]
[Round "8"]
[White "Juarros Ruiz, Victor"]
[Black "Garrido Diaz, Jose Antonio"]
[Result "1-0"]
[Board "9"]
[WhiteClock "1:30"]
[WhiteElo "1700"]
[WhiteCountry "ESP"]
[WhiteFideId "24515213"]
[WhiteEloChange "6"]
[BlackClock "1:30"]
[BlackElo "1571"]
[BlackCountry "ESP"]
[BlackFideId "24516252"]
[BlackEloChange "-6"]

1. e4 {[%clk 1:30:00]} c5 {[%clk 1:30:00]} 2. Nf3 {[%clk 1:31:00]} e6 {[%clk
1:28:00]} 3. d4 {[%clk 1:31:00]} cxd4 {[%clk 1:29:00]} 4. Nxd4 {[%clk 1:31:00]}
Nc6 {[%clk 1:29:00]} 5. Nc3 {[%clk 1:31:00]} Qc7 {[%clk 1:30:00]} 6. g3 {[%clk
1:31:00]} a6 {[%clk 1:30:00]} 7. Bg2 {[%clk 1:31:00]} Nf6 {[%clk 1:30:00]} 8. O-O
{[%clk 1:31:00]} Be7 {[%clk 1:30:00]} 9. Re1 {[%clk 1:31:00]} O-O {[%clk
1:29:00]} 10. Nxc6 {[%clk 1:31:00]} bxc6 {[%clk 1:28:00]} 11. e5 {[%clk 1:32:00]}
Nd5 {[%clk 1:28:00]} 12. Na4 {[%clk 1:30:00]} Rb8 {[%clk 1:26:00]} 13. Qg4 {[%clk
1:27:00]} f5 {[%clk 1:23:00]} 14. Qd1 {[%clk 1:27:00]} a5 {[%clk 1:21:00]} 15. c4
{[%clk 1:27:00]} Nb6 {[%clk 1:21:00]} 16. Nxb6 {[%clk 1:27:00]} Qxb6 {[%clk
1:21:00]} 17. b3 {[%clk 1:27:00]} Bc5 {[%clk 1:17:00]} 18. Qc2 {[%clk 1:25:00]}
Ba6 {[%clk 1:15:00]} 19. Be3 {[%clk 1:23:00]} Bxe3 {[%clk 1:15:00]} 20. Rxe3
{[%clk 1:23:00]} Rf7 {[%clk 1:10:00]} 21. c5 {[%clk 1:19:00]} Qa7 {[%clk
1:01:00]} 22. f4 {[%clk 1:16:00]} Bb5 {[%clk 0:58:00]} 23. a3 {[%clk 1:15:00]} a4
{[%clk 0:55:00]} 24. b4 {[%clk 1:15:00]} Qa6 {[%clk 0:55:00]} 25. Rc3 {[%clk
1:14:00]} Rd8 {[%clk 0:49:00]} 26. Rd1 {[%clk 1:12:00]} Qb7 {[%clk 0:48:00]} 27.
Rd6 {[%clk 1:12:00]} Re8 {[%clk 0:48:00]} 28. Qd2 {[%clk 1:11:00]} Ree7 {[%clk
0:47:00]} 29. h3 {[%clk 1:09:00]} Qc8 {[%clk 0:47:00]} 30. Kh2 {[%clk 1:08:00]}
Kh8 {[%clk 0:47:00]} 31. Bf3 {[%clk 1:09:00]} g6 {[%clk 0:45:00]} 32. Bd1 {[%clk
1:08:00]} Rg7 {[%clk 0:42:00]} 33. Bc2 {[%clk 1:06:00]} Qa6 {[%clk 0:41:00]} 34.
Rd4 {[%clk 1:05:00]} h6 {[%clk 0:40:00]} 35. h4 {[%clk 1:03:00]} h5 {[%clk
0:38:00]} 36. Bd3 {[%clk 1:03:00]} Bxd3 {[%clk 0:37:00]} 37. Rcxd3 {[%clk
1:03:00]} Kg8 {[%clk 0:35:00]} 38. Kg1 {[%clk 1:03:00]} Qb7 {[%clk 0:34:00]} 39.
Qd1 {[%clk 1:03:00]} Qa7 {[%clk 0:34:00]} 40. Kf2 {[%clk 1:03:00]} Kh8 {[%clk
0:34:00]} 41. Ke1 {[%clk 1:03:00]} Kg8 {[%clk 0:34:00]} 42. Qd2 {[%clk 1:02:00]}
Rgf7 {[%clk 0:34:00]} 43. Kd1 {[%clk 1:02:00]} Kh8 {[%clk 0:34:00]} 44. Kc2
{[%clk 1:03:00]} Kg8 {[%clk 0:33:00]} 45. Kc3 {[%clk 1:03:00]} Kh8 {[%clk
0:33:00]} 46. Rd6 {[%clk 1:03:00]} Kg8 {[%clk 0:33:00]} 47. R3d4 {[%clk 1:03:00]}
Kf8 {[%clk 0:32:00]} 48. Qd3 {[%clk 1:04:00]} Qb7 {[%clk 0:30:00]} 49. b5 {[%clk
1:01:00]} cxb5 {[%clk 0:30:00]} 50. Rb6 {[%clk 1:00:00]} Qh1 {[%clk 0:30:00]} 51.
Rxb5 {[%clk 0:59:00]} Qe1+ {[%clk 0:27:00]} 52. Kc4 {[%clk 0:58:00]} Re8 {[%clk
0:25:00]} 53. Rb1 {[%clk 0:55:00]} Qa5 {[%clk 0:24:00]} 54. Rxd7 {[%clk 0:55:00]}
Qa6+ {[%clk 0:25:00]} 55. Rb5 {[%clk 0:54:00]} Qc6 {[%clk 0:23:00]} 56. Qd6+
{[%clk 0:54:00]} Qxd6 {[%clk 0:23:00]} 57. Rxf7+ {[%clk 0:55:00]} Kxf7 {[%clk
0:23:00]} 58. cxd6 {[%clk 0:55:00]} Ra8 {[%clk 0:23:00]} 59. Kb4 {[%clk 0:55:00]}
Ke8 {[%clk 0:23:00]} 60. Ra5 {[%clk 0:56:00]} Rb8+ {[%clk 0:23:00]} 61. Kxa4
{[%clk 0:56:00]} Kd7 {[%clk 0:23:00]} 62. Rb5 {[%clk 0:56:00]} Ra8+ {[%clk
0:24:00]} 63. Kb4 {[%clk 0:56:00]} Kc6 {[%clk 0:24:00]} 64. a4 {[%clk 0:57:00]}
Ra7 {[%clk 0:24:00]} 65. Rc5+ {[%clk 0:57:00]} Kb6 {[%clk 0:25:00]} 66. a5+
{[%clk 0:57:00]} Ka6 {[%clk 0:25:00]} 67. Rc6+ {[%clk 0:57:00]} 1-0

[Event "Campeonato España Sub 12"]
[Site "Salobreña"]
[Date "2017.07.14"]
[Round "8"]
[White "Periotto Miori, Lautaro"]
[Black "Castillo Dalmau, Arnau"]
[Result "1/2-1/2"]
[Board "10"]
[WhiteClock "1:29"]
[WhiteElo "1332"]
[WhiteCountry "ESP"]
[WhiteFideId "24516511"]
[WhiteEloChange "7"]
[BlackClock "1:29"]
[BlackElo "1650"]
[BlackCountry "ESP"]
[BlackFideId "32092725"]
[BlackEloChange "-7"]

1. e4 {[%clk 1:29:00]} c5 {[%clk 1:29:00]} 2. Nf3 {[%clk 1:29:00]} e6 {[%clk
1:29:00]} 3. d4 {[%clk 1:29:00]} cxd4 {[%clk 1:29:00]} 4. Nxd4 {[%clk 1:29:00]}
Nc6 {[%clk 1:29:00]} 5. Nc3 {[%clk 1:29:00]} Qc7 {[%clk 1:29:00]} 6. Be3 {[%clk
1:29:00]} a6 {[%clk 1:29:00]} 7. a3 {[%clk 1:29:00]} Nf6 {[%clk 1:27:00]} 8. f4
{[%clk 1:29:00]} d5 {[%clk 1:24:00]} 9. e5 {[%clk 1:20:00]} Nd7 {[%clk 1:21:00]}
10. Qg4 {[%clk 1:06:00]} Nxd4 {[%clk 1:18:00]} 11. Bxd4 {[%clk 1:06:00]} g6
{[%clk 1:17:00]} 12. Bd3 {[%clk 0:57:00]} Nc5 {[%clk 1:14:00]} 13. Be2 {[%clk
0:54:00]} Bg7 {[%clk 1:08:00]} 14. Qh4 {[%clk 0:49:00]} b6 {[%clk 0:54:00]} 15.
O-O {[%clk 0:44:00]} Bb7 {[%clk 0:49:00]} 16. Rac1 {[%clk 0:41:00]} b5 {[%clk
0:35:00]} 17. Qf2 {[%clk 0:37:00]} Nd7 {[%clk 0:32:00]} 18. Qe3 {[%clk 0:23:00]}
Rc8 {[%clk 0:28:00]} 19. Na2 {[%clk 0:20:00]} Qb8 {[%clk 0:16:41]} 20. Nc3 {[%clk
0:19:29]} Qc7 {[%clk 0:16:41]} 21. Bxb5 {[%clk 0:18:11]} O-O {[%clk 0:15:20]} 22.
Bd3 {[%clk 0:18:13]} Nc5 {[%clk 0:14:47]} 23. Be2 {[%clk 0:18:14]} f6 {[%clk
0:13:19]} 24. Bg4 {[%clk 0:13:09]} f5 {[%clk 0:11:57]} 25. Be2 {[%clk 0:13:23]}
Nd7 {[%clk 0:09:30]} 26. Na4 {[%clk 0:12:13]} Qc6 {[%clk 0:07:56]} 27. Nc3 {[%clk
0:12:04]} Rb8 {[%clk 0:07:03]} 28. Na2 {[%clk 0:11:00]} Rfc8 {[%clk 0:06:33]} 29.
Nb4 {[%clk 0:10:20]} Qa4 {[%clk 0:05:21]} 30. Bd1 {[%clk 0:09:06]} Qb5 {[%clk
0:05:10]} 31. Qd3 {[%clk 0:09:13]} Qxd3 {[%clk 0:05:00]} 32. Nxd3 {[%clk
0:09:36]} a5 {[%clk 0:04:40]} 33. Be2 {[%clk 0:09:14]} Ba6 {[%clk 0:04:32]} 34.
Rfe1 {[%clk 0:09:14]} Bh6 {[%clk 0:04:07]} 35. g3 {[%clk 0:09:22]} g5 {[%clk
0:03:08]} 36. Bc3 {[%clk 0:09:13]} Bxd3 {[%clk 0:02:49]} 37. cxd3 {[%clk
0:09:18]} gxf4 {[%clk 0:02:52]} 38. Bd2 {[%clk 0:09:01]} Nxe5 {[%clk 0:02:38]}
39. gxf4 {[%clk 0:09:01]} 1/2-1/2

[Event "Campeonato España Sub 12"]
[Site "Salobreña"]
[Date "2017.07.14"]
[Round "8"]
[White "Vara Soler, Luis"]
[Black "Garcia Molina, Jose"]
[Result "1-0"]
[Board "11"]
[WhiteClock "n/a"]
[WhiteElo "1489"]
[WhiteCountry "ESP"]
[WhiteFideId "24560936"]
[WhiteEloChange "14"]
[BlackClock "n/a"]
[BlackElo "1657"]
[BlackCountry "ESP"]
[BlackFideId "32030592"]
[BlackEloChange "-14"]

1. e4 {[%clk 1:30:30]} c5 {[%clk 1:30:30]} 2. Nf3 {[%clk 1:30:30]} d6 {[%clk
1:30:30]} 3. d4 {[%clk 1:30:30]} cxd4 {[%clk 1:30:30]} 4. Nxd4 {[%clk 1:30:30]}
Nf6 {[%clk 1:30:30]} 5. Nc3 {[%clk 1:30:30]} a6 {[%clk 1:30:30]} 6. Be3 {[%clk
1:30:30]} e5 {[%clk 1:30:30]} 7. Nb3 {[%clk 1:30:30]} Be6 {[%clk 1:30:30]} 8. f3
{[%clk 1:30:30]} h5 {[%clk 1:30:30]} 9. Qd2 {[%clk 1:30:30]} Be7 {[%clk 1:30:30]}
10. O-O-O {[%clk 1:30:30]} Nbd7 {[%clk 1:30:30]} 11. Kb1 {[%clk 1:30:30]} Qc7
{[%clk 1:30:30]} 12. Rg1 {[%clk 1:30:30]} Rc8 {[%clk 1:30:30]} 13. h3 {[%clk
1:30:30]} b5 {[%clk 1:30:30]} 14. g4 {[%clk 1:30:30]} hxg4 {[%clk 1:30:30]} 15.
hxg4 {[%clk 1:30:30]} Nb6 {[%clk 1:30:30]} 16. g5 {[%clk 1:30:30]} Nfd7 {[%clk
1:30:30]} 17. f4 {[%clk 1:30:30]} b4 {[%clk 1:30:30]} 18. Nd5 {[%clk 1:30:30]}
Nxd5 {[%clk 1:30:30]} 19. exd5 {[%clk 1:30:30]} Bf5 {[%clk 1:30:30]} 20. Bd3
{[%clk 1:30:30]} Bxd3 {[%clk 1:30:30]} 21. Qxd3 {[%clk 1:30:30]} Rh2 {[%clk
1:30:30]} 22. Nd2 {[%clk 1:30:30]} Nc5 {[%clk 1:30:30]} 23. Bxc5 {[%clk 1:30:30]}
Qxc5 {[%clk 1:30:30]} 24. fxe5 {[%clk 1:30:30]} dxe5 {[%clk 1:30:30]} 25. Rh1
{[%clk 1:30:30]} Rxh1 {[%clk 1:30:30]} 26. Rxh1 {[%clk 1:30:30]} g6 {[%clk
1:30:30]} 27. Ne4 {[%clk 1:30:30]} Qa7 {[%clk 1:30:30]} 28. d6 {[%clk 1:30:30]}
Bd8 {[%clk 1:30:30]} 29. Rh8+ {[%clk 1:30:30]} Kd7 {[%clk 1:30:30]} 30. Qh3+
{[%clk 1:30:30]} Kc6 {[%clk 1:30:30]} 31. Qxc8+ {[%clk 1:30:30]} Kb5 {[%clk
1:30:30]} 32. Qc5+ {[%clk 1:30:30]} 1-0